Palestra pharmaceutica, chymico-galenica, (Registro nro. 74368)

Detalles MARC
000 -ENCABEZADO
Número de control [NR] 02273nam a2200265Ia 4500
005 - FECHA Y HORA DE LA ÚLTIMA TRANSACCIÓN
control field 20200814101220.0
008 - DE LONGITUD FIJA DE DATOS DE ELEMENTOS - INFORMACIÓN GENERAL
Elementos de longitud fija [NR] 130821s1753 sp a fr 1 spa
040 ## - FUENTE DE CATALOGACION [NR]
Agencia de catalogación original [NR] Co-BoUCM
Idioma de catalogación [NR] spa
Quien Cataloga Sandra Yazo
Quien Clasifica Sandra Yazo
041 0# - CODIGO DE IDIOMA [R]
Código de idioma para texto/pista de sonido o título separado [R] Latín
082 04 - NUMERO DE CLASIFICACION DECIMAL DEWEY [R]
Número de clasificación [R] 615.1
Número de la edición [NR] 20
092 ## - SIGNATURA TOPOGRAFICA LOCAL
Número de clasificación local E11N073
100 1# - ASIENTO PRINCIPAL--NOMBRE PERSONAL [NR]
Nombre personal [NR] Palacios, Felix
Fechas asociadas con el nombre [NR] 1678-1737
ID Autoridad 99750
245 10 - MENCION DE TITULO [NR]
Título [NR] Palestra pharmaceutica, chymico-galenica,
Parte restante del título [NR] En la qual se trata de la eleccion de los simples, sus preparaciones chymicas y galenicas, y de las mas selectas composiciones antiguas y modernas usuales tanto en Madrid, como en toda Europa ...
260 ## - PUBLICACION, DISTRIBUCION, ETC. (PIE DE IMPRENTA) [R]
Lugar de publicación, distribución, etc. [R] Madrid (España)
Nombre del editor, distribuidor, etc. [R] En la imprenta de los herederos de la viuda de Juan García Infanzòn
Fecha de publicación, distribución, etc. [R] 1753
300 ## - DESCRIPCION FISICA [R]
Extensión [R] [22], 708, [30] páginas, [4] hojas de grabados
Otros detalles físicos [NR] ilustraciones
500 ## - NOTA GENERAL [R]
Nota general [NR] Detalles físicos: Encuadernación en pergamino, en regular estado de conservación. Bordes de las pastas desgastados. Tiene portada en una sola tinta enmarcada en orla decorativa. Dedicatoria. Tasación. Licencias y aprobaciones. Texto impreso en dos columnas con varios tipos y tamaños de letra. Explicación de las láminas e ilustraciones entre el texto
505 2# - NOTA DE CONTENIDO CON FORMATO PREESTABLECIDO [R]
Nota de contenido con formato preestablecido [NR] Discurso a la farmacia ; La farmacia en general, su división y su objeto ; Reino animal ; Reino Vegetal ; Reino mineral ; Reino animal ; Preparación general de los fármacos: Trituración, limación, extracción, loción y humectación ; Disolución, solución, liquidación, infusión, fermentación, cocción, despumación, clarificación, conservación y aromatización, coloración, ablandar, endurecer, evaporar y cristalizar ; Destilación ; Calcinación -- División de los instrumentos farmacológicos
506 ## - NOTA DE RESTRICCIONES DE ACCESO [R]
Condiciones de acceso [NR] Consulta en sala
650 #7 - ASIENTO SECUNDARIO DE MATERIA - TERMINO TEMATICO [R]
Término temático o nombre geográfico como elemento de entrada [NR] Farmacología
Subdivisión general [R] Obras anteriores a 1800
9 (RLIN) 15577
650 #7 - ASIENTO SECUNDARIO DE MATERIA - TERMINO TEMATICO [R]
Término temático o nombre geográfico como elemento de entrada [NR] Medicamentos
Subdivisión general [R] Historia
-- Obras anteriores a 1800
9 (RLIN) 19122
650 #7 - ASIENTO SECUNDARIO DE MATERIA - TERMINO TEMATICO [R]
Término temático o nombre geográfico como elemento de entrada [NR] Química farmacéutica
Subdivisión general [R] Obras anteriores a 1800
9 (RLIN) 22990
690 ## - ASUNTO AGREGADO LOCAL DE ENTRADA - TÉRMINO TEMÁTICO (OCLC, RLIN)
Acceso temático local Medicina
9 (RLIN) 7820
856 41 - LOCALIZACION Y ACCESO ELECTRONICOS [R]
Nota dirigida al público [R] Disponible en línea
Identificador Uniforme del Recurso (“URI”) [R] <a href="https://books.google.com.co/books?id=it8WqobFgAwC&printsec=frontcover&dq=Palestra+pharmaceutica,+chymico-galenica+1753&hl=es&sa=X&ved=0ahUKEwiDj5DA7tvnAhXFl-AKHSxtBQkQ6AEIKTAA#v=onepage&q=Palestra%20pharmaceutica%2C%20chymico-galenica%201753&f=false">https://books.google.com.co/books?id=it8WqobFgAwC&printsec=frontcover&dq=Palestra+pharmaceutica,+chymico-galenica+1753&hl=es&sa=X&ved=0ahUKEwiDj5DA7tvnAhXFl-AKHSxtBQkQ6AEIKTAA#v=onepage&q=Palestra%20pharmaceutica%2C%20chymico-galenica%201753&f=false</a>
942 ## - ELEMENTOS DE ENTRADA AGREGADOS (KOHA)
Tipo de ítem principal el descrito en 300a Libro
Tema principal 15
Edición 1
Sistema de clasificación LOCAL
Clasificación E11N073
Existencias
Suprimido Perdido Sistema de clasificación Dañado No prestable Tipo de ítem específico Ubicación habitual Ubicación actual Localización Fecha de creación Forma de adquisición Costo Total préstamos Signatura topográfica Código de barras Última vez visto Ejemplar Price effective from Tipo de ítem
    LOCAL     Libro archivo Archivo Histórico Archivo Histórico Archivo histórico 28/02/2014 Donación 0.00   E11N073 L001772 15/12/2012 Ej.1 03/02/2013 Libro